00353nam a2200145Ia 45000030006000000080041000060400015000471000024000622450029000862500006001152600049001213000006001705460014001760050017001900STCL150530s9999 xx 000 0 und d aSTCLcSTCL aGopala Pillai, K.N. aRahasyavaadha Prasthanam a1 bNational Bookstall; Kottayamc1957aKottayam a0 aMalayalam20220125171742.0